000 00330nam a2200133Ia 4500
005 20260328101456.0
008 260328s9999||||xx |||||||||||||| ||und||
100 _aMulazzani, Germano
245 0 _aBosch :
_b The complete paintings /
_cGermano Mulazzani
260 _bGranada
300 _a94 p.
650 _aHISTORIA
942 _cBK
999 _c8832
_d8832